<?xml version="1.0" encoding="UTF-8"?><?xml-stylesheet type="text/xsl" href="static/style.xsl"?><OAI-PMH xmlns="http://www.openarchives.org/OAI/2.0/" xmlns:xsi="http://www.w3.org/2001/XMLSchema-instance" xsi:schemaLocation="http://www.openarchives.org/OAI/2.0/ http://www.openarchives.org/OAI/2.0/OAI-PMH.xsd"><responseDate>2026-06-01T06:01:28Z</responseDate><request verb="GetRecord" identifier="oai:riuma.uma.es:10630/32061" metadataPrefix="marc">https://riuma.uma.es/rest/oai/request</request><GetRecord><record><header><identifier>oai:riuma.uma.es:10630/32061</identifier><datestamp>2026-02-03T12:29:27Z</datestamp><setSpec>com_10630_2254</setSpec><setSpec>col_10630_37959</setSpec></header><metadata><record xmlns="http://www.loc.gov/MARC21/slim" xmlns:dcterms="http://purl.org/dc/terms/" xmlns:doc="http://www.lyncode.com/xoai" xmlns:xsi="http://www.w3.org/2001/XMLSchema-instance" xsi:schemaLocation="http://www.loc.gov/MARC21/slim http://www.loc.gov/standards/marcxml/schema/MARC21slim.xsd">
   <leader>00925njm 22002777a 4500</leader>
   <datafield ind2=" " ind1=" " tag="042">
      <subfield code="a">dc</subfield>
   </datafield>
   <datafield ind2=" " ind1=" " tag="720">
      <subfield code="a">Segura Ortiz, Adrián</subfield>
      <subfield code="e">author</subfield>
   </datafield>
   <datafield ind2=" " ind1=" " tag="720">
      <subfield code="a">García-Nieto, José Manuel</subfield>
      <subfield code="e">author</subfield>
   </datafield>
   <datafield ind2=" " ind1=" " tag="720">
      <subfield code="a">Aldana-Montes, José Francisco</subfield>
      <subfield code="e">author</subfield>
   </datafield>
   <datafield ind2=" " ind1=" " tag="260">
      <subfield code="c">2024</subfield>
   </datafield>
   <datafield ind2=" " ind1=" " tag="520">
      <subfield code="a">This study introduces an innovative memetic algorithm for optimizing the consensus of well-adapted techniques for the inference of gene regulation networks. Building on the methodology of a previous proposal (GENECI), this research adds a local search phase that incorporates prior knowledge about gene interactions, thereby enhancing the optimization process under the influence of domain expert. The algorithm focuses on the evaluation of candidate solutions through a detailed evolutionary process, where known gene interactions guide the evolution of such solutions (individuals). This approach was subjected to rigorous testing using benchmarks from editions 3 and 4 of the DREAM challenges and the yeast network of IRMA, demonstrating a significant improvement in accuracy compared to previous related approaches. The results highlight the effectiveness of the algorithm, even when only 5% of the known interactions are used as a reference. This advancement represents a significant step in the inference of gene regulation networks, providing a more precise and adaptable tool for genomic research.</subfield>
   </datafield>
   <datafield ind1="8" ind2=" " tag="024">
      <subfield code="a">https://hdl.handle.net/10630/32061</subfield>
   </datafield>
   <datafield tag="653" ind2=" " ind1=" ">
      <subfield code="a">Optimización matemática</subfield>
   </datafield>
   <datafield tag="653" ind2=" " ind1=" ">
      <subfield code="a">Bioinformática</subfield>
   </datafield>
   <datafield ind2="0" ind1="0" tag="245">
      <subfield code="a">Exploiting medical-expert knowledge via a novel memetic algorithm for the inference  of gene regulatory networks.</subfield>
   </datafield>
</record>
</metadata></record></GetRecord></OAI-PMH>